01117nab a22002297a 4500999001500000003000400015005001700019008004100036040000700077100003900084245012200123260007300245300001300318500002600331505021500357505008200572650002300654650002000677650002000697773015700717942001300874 c5269d5269OSt20250211115114.0190429b xxu||||| |||| 00| 0 spa d cPJ 92776aLuzón Peña, Diego-Manuel13aEl comienzo de ejecución en la tentativa acabada y en la tentativa en autoría mediata /cDiego M. Luzón Peña. cCiudad Autónoma de Buenos Aires :aThomson Reuters La Ley, b2025. ap. 11-28 aCita: AR/DOC/70/2025. aSumario: I. Comienzo de ejecución en la tentativa acabada: el pretendidamente distinto comienzo de ejecución en la tentativa acabada de autor único.— II. Comienzo de ejecución en la autoría mediata. tSi te interesa el texto completo, solicitalo a koha@justierradelfuego.gov.ar  09343aDERECHO PENAL 093000aTENTATIVA 092999aAUTORÍA0 0265893164tRevista de derecho penal y criminología. Nº 1 - Febrero 2025dCiudad Autónoma de Buenos Aires : Thomson Reuters La Ley, 2017-x00347914 2udccANA